Riconosci il calciatore dalla foto - Quiz n°18 - Statistics

Statistiche generali
  • Questo quiz è stato fatto 161 volte
  • Il punteggio medio è 7 su 10
Statistiche sulle risposte
con Immagini Risposta % Corretto
Pepe
99%
Thiago Silva
91%
Mattia Zaccagni
88%
Stefano Sorrentino
82%
Jordan Henderson
80%
Eldor Shomurodov
66%
Marc Bartra
63%
Mauro Zárate
57%
Danny Welbeck
43%
Eliaquim Mangala
32%
Nessun quiz corrispondente trovato
Distribuzione punteggi
Percentuale di utenti per punteggio
Percentile per numero di risposta
I tuoi punteggi nel tempo
Non hai fatto questo quiz